Library Banner

Indian Muslim minorities and the 1857 rebellion : (Record no. 105010)

MARC details
000 -LEADER
fixed length control field 00483nam a22001577a 4500
005 - DATE AND TIME OF LATEST TRANSACTION
control field 20180530091310.0
008 - FIXED-LENGTH DATA ELEMENTS--GENERAL INFORMATION
fixed length control field 180530b xxu||||| |||| 00| 0 eng d
020 ## - INTERNATIONAL STANDARD BOOK NUMBER
International Standard Book Number 9781784538552
040 ## - CATALOGING SOURCE
Transcribing agency PK-LaUMT
082 ## - DEWEY DECIMAL CLASSIFICATION NUMBER
Classification number 954.0317
Item number FUE-I
100 ## - MAIN ENTRY--PERSONAL NAME
Personal name Fuerst, Ilyse R. Morgenstein
245 ## - TITLE STATEMENT
Title Indian Muslim minorities and the 1857 rebellion :
Remainder of title religion, rebels, and jihad /
Statement of responsibility, etc Ilyse R. Morgenstein Fuerst
260 ## - PUBLICATION, DISTRIBUTION, ETC. (IMPRINT)
Place of publication, distribution, etc London :
Name of publisher, distributor, etc I B Tauris,
Date of publication, distribution, etc 2017
300 ## - PHYSICAL DESCRIPTION
Extent 228 p.
942 ## - ADDED ENTRY ELEMENTS (KOHA)
Koha item type Books
Holdings
Withdrawn status Lost status Damaged status Home library Current library Date acquired Full call number Barcode Date last seen Price effective from Koha item type
      UMT Main Campus UMT Main Campus 2018-05-30 954.0317 FUE-I 120760 2019-04-02 2018-05-30 Books